000 00708nam a22002177a 4500
003 OSt
005 20230126134503.0
008 220916b |||||||| |||| 00| 0 eng d
020 _a84 96007 17 0
040 _cBiblioteca Lado V
082 _a708
_bS159b
110 _9649
_aSala Luzan
_eautor
245 _aBaltazar Torres/
_bCrying/
260 _aZaragoza
_bObra Social Servicio Cultural
_c2003
300 _a32p.
_c20x24cm
650 _2Tesauro de Arte & Arquitectura
_aCATALOGO
650 _2Tesauro de Arte & Arquitectura
_aEXHIBICION
650 _2Tesauro de Arte & Arquitectura
_aARTE
650 _2Tesauro de Arte & Arquitectura
_aESCULTURA
942 _2ddc
_c1
_h708
_iS159b
_n0
999 _c2923
_d2923